| 000 | 00398nam a2200169Ia 4500 | ||
|---|---|---|---|
| 008 | 210210b1992 xxu||||| |||| 00| 0 eng d | ||
| 020 | _a81 237 0036 9 | ||
| 082 | _a574.5 FUTO | ||
| 100 | _aFUTEHALLY (Laeeq). | ||
| 245 | _aOur environment. Ed.2 | ||
| 250 | _a | ||
| 260 |
_aDelhi _bNational Book Trust _c1992 |
||
| 300 | _a130 | ||
| 650 | _aEnvironment | ||
| 690 | _aEcology | ||
| 906 | _a048944 | ||
| 999 |
_c97608 _d97608 |
||